Countries Recognizing Taiwan - Statistics

General Stats
  • This quiz has been taken 15 times
  • The average score is 7 of 12
Answer Stats
Hint Answer % Correct
Palau
73%
Paraguay
73%
Guatemala
67%
Marshall Islands
67%
Tuvalu
60%
Vatican City
60%
Belize
53%
Saint Kitts and Nevis
47%
Saint Lucia
47%
Saint Vincent and the Grenadines
47%
Eswatini
40%
Haiti
40%
No matching quizzes found
Score Distribution
Percent of People with Each Score
Percentile by Number Answered
Your Score History
You have not taken this quiz